00349nam a2200157Ia 4500008004000000041000800040082001100048100001100059245003700070260003100107650001100138650001000149650001200159650000700171650001300178210210b1935 xxu||||| |||| 00| 0 eng d aeng a887/54 aSOVANI aCritical study of sankhya system aPUnabOriental Booksc1935 asystem astudy asankhya aof aCritical